000 01058nam a2200325Ia 4500
001 Z_2144
003 CHAP
008 220113s1995 xx 000 0 und d
010 _a163569
040 _cCHAP
090 _aTesis D 1021
100 _aDíaz Jiménez, Doroteo Javier
_933517
245 _aEvaluación agronómica de cinco genótipos de maíz (Zea mays L.) a diferentes densidades en condiciones de temporal en Temascalapa, Méx. /
_cpor Doroteo Javier Díaz Jiménez
260 _aChapingo, Méx. :
_bEl autor,
_c1995
300 _a62 h.
502 _aTesis (Ing. Agr. Esp. en Zootecnia) -- UACH. Departamento de Zootecnia
650 _aAgricultura de temporal
_91999
650 _aMaíz como forraje
_971109
650 _aMaíz
_xEspaciamiento
_970946
650 _aMaíz
_xGenética
_970963
650 _aMaíz
_xMéxico (Edo.)
_9137732
650 _aMaíz
_xRendimiento
_971051
650 _aMaíz
_xVariedades
_971081
901 _aTESIS D 1021
902 _aM
910 _a1995
942 _c2
942 _c2
999 _c163569
_d163569